Statistics for All Pokémon with Power Construct

Click here to take the quiz!

General Stats

  • This quiz has been taken 0 times
  • The average score is 0 of 3

Answer Stats

(Avail)abilityPokémon% Correct
Second AbilityZygarde (10% Forme)
0%
Second AbilityZygarde (50% Forme)
0%
Only AbilityZygarde (Complete Forme)
0%

Score Distribution

Percentile by Number Answered

Percent of People with Each Score

Your Score History

You have not taken this quiz